[Event "ROM-ch U12"]
[Site "Calimanesti Caciulata"]
[Date "2019.04.21"]
[Round "8"]
[White "Cristea, Matei Alexandru"]
[Black "Neghiu, Cristian Andrei"]
[Result "1/2-1/2"]
[WhiteElo "1352"]
[BlackElo "1800"]
[PlyCount "128"]
[EventDate "2019.04.15"]
[EventType "swiss"]
[EventRounds "9"]
[EventCountry "ROU"]
[SourceTitle "CBM 190 Extra"]
[Source "ChessBase"]
[SourceDate "2019.07.15"]
[SourceVersion "1"]
[SourceVersionDate "2019.07.15"]
[SourceQuality "1"]

1. d4 Nf6 2. c4 e6 3. Nc3 Bb4 4. Qc2 0-0 5. Bg5 h6 6. Bh4 d5 7. e3 c6 8. Nf3 Nbd7 9. Bd3 Re8 10. Ne5 Be7 11. Nxd7 Qxd7 12. h3 b6 13. g4 Bb7 14. Rg1 dxc4 15. Bxc4 Nd5 16. Bg3 Rad8 17. 0-0-0 b5 18. Be2 a5 19. h4 Nxc3 20. Qxc3 a4 21. f4 b4 22. Qd3 c5 23. g5 c4 24. Qb1 f5 25. gxf6 Bxf6 26. Be1 b3 27. a3 Qd5 28. Qg6 Qe4 29. Qxe4 Bxe4 30. Kd2 Rc8 31. Rc1 Bd5 32. Bg3 Rc6 33. Rge1 Rec8 34. Bg4 Be4 35. Rc3 Be7 36. d5 Rd8 37. Rec1 exd5 38. Re1 Bf6 39. Bf2 Rcd6 40. Bh3 Kf7 41. Bf1 Bxc3+ 42. Kxc3 Rg6 43. Bh3 h5 44. Rd1 Rdd6 45. Re1 Kf6 46. Rd1 Bf5 47. Bf1 Ke7 48. Rd2 Be4 49. Bh3 Rgf6 50. Bf1 Rg6 51. Bh3 Bg2 52. f5 Bxh3 53. fxg6 Bf5 54. e4 Bxe4 55. Bc5 Ke6 56. Bxd6 Kxd6 57. Rd1 Ke5 58. Rg1 Bd3 59. Re1+ Kf6 60. Kb4 Bc2 61. Rg1 Ke5 62. Kc3 Kf4 63. Kd4 Kf3 64. Rg5 Be4 1/2-1/2

[Event "ROM-ch U12"]
[Site "Calimanesti"]
[Date "2018.04.03"]
[Round "9"]
[White "Cristea, Matei Alexandru"]
[Black "Sachilaru, Alexandru"]
[Result "0-1"]
[WhiteElo "1247"]
[BlackElo "1485"]
[PlyCount "117"]
[EventDate "2018.03.27"]
[EventType "swiss"]
[EventRounds "9"]
[EventCountry "ROU"]
[SourceTitle "CBM 183 Extra"]
[Source "ChessBase"]
[SourceDate "2018.04.19"]
[SourceVersion "1"]
[SourceVersionDate "2018.04.19"]
[SourceQuality "1"]

1. d4 Nf6 2. c4 e6 3. Nc3 d5 4. Bg5 Be7 5. e3 c6 6. cxd5 cxd5 7. Bd3 h6 8. Bh4 Nc6 9. a3 0-0 10. Nge2 a6 11. 0-0 b5 12. f3 Na5 13. Bf2 Bb7 14. Ng3 Nc4 15. Bxc4 bxc4 16. Re1 Rb8 17. Qe2 Bc6 18. e4 Re8 19. Qc2 Rb3 20. Re2 Bf8 21. Rae1 Qa5 22. Rb1 Reb8 23. Be1 Qb6 24. a4 dxe4 25. fxe4 Qxd4+ 26. Bf2 Qe5 27. Rd2 Bc5 28. Bxc5 Qxc5+ 29. Kh1 Ng4 30. Nf1 Ne5 31. Rbd1 Nd3 32. Rb1 Rxb2 33. Rxb2 Rxb2 34. Qxb2 Nxb2 35. Rxb2 Qd4 36. Rc2 Qd3 37. Rc1 Bxe4 38. Nxe4 Qxe4 39. h3 Qd4 40. Nh2 c3 41. Nf3 Qe3 42. Rc2 Qd3 43. Rc1 c2 44. Ne1 Qd1 45. Rxc2 Qxe1+ 46. Kh2 Kf8 47. Rc6 Qe2 48. a5 Qb5 49. Rc8+ Ke7 50. Rc7+ Kf6 51. Rc3 Qe5+ 52. Rg3 Qxa5 53. Rf3+ Qf5 54. Ra3 a5 55. g4 Qe5+ 56. Kh1 Qd5+ 57. Kh2 Qd6+ 58. Rg3 Qxg3+ 59. Kxg3 0-1

[Event "ROM-ch U12"]
[Site "Calimanesti"]
[Date "2018.04.02"]
[Round "8"]
[White "Cristea, Matei Alexandru"]
[Black "Lup, Constantin Ionel"]
[Result "1/2-1/2"]
[WhiteElo "1247"]
[BlackElo "1416"]
[PlyCount "63"]
[EventDate "2018.03.27"]
[EventType "swiss"]
[EventRounds "9"]
[EventCountry "ROU"]
[SourceTitle "CBM 183 Extra"]
[Source "ChessBase"]
[SourceDate "2018.04.19"]
[SourceVersion "1"]
[SourceVersionDate "2018.04.19"]
[SourceQuality "1"]

1. d4 c5 2. d5 Nf6 3. c4 d6 4. Nc3 g6 5. Bf4 Bg7 6. Qd2 Na6 7. Nf3 Nc7 8. e3 Rb8 9. Be2 Bd7 10. a4 b6 11. 0-0 0-0 12. Rfb1 Bf5 13. Bd3 Bxd3 14. Qxd3 Qd7 15. Nb5 Rb7 16. Nxc7 Qxc7 17. Ra3 Qd7 18. b4 Rfb8 19. b5 Ra8 20. e4 Ng4 21. h3 Ne5 22. Nxe5 Bxe5 23. Bxe5 dxe5 24. Rba1 a5 25. Qg3 f6 26. Rd3 Rd8 27. Rad1 Qd6 28. h4 Kg7 29. Qg4 Qd7 30. Qe6 Qd6 31. f3 Rbd7 32. Qg4 1/2-1/2

[Event "ROM-ch U12"]
[Site "Calimanesti"]
[Date "2018.03.29"]
[Round "3"]
[White "Cristea, Matei Alexandru"]
[Black "Baciu, Daniel"]
[Result "0-1"]
[WhiteElo "1247"]
[BlackElo "1478"]
[PlyCount "120"]
[EventDate "2018.03.27"]
[EventType "swiss"]
[EventRounds "9"]
[EventCountry "ROU"]
[SourceTitle "CBM 183 Extra"]
[Source "ChessBase"]
[SourceDate "2018.04.19"]
[SourceVersion "1"]
[SourceVersionDate "2018.04.19"]
[SourceQuality "1"]

1. d4 d5 2. c4 e6 3. Nc3 c5 4. dxc5 d4 5. Ne4 Bxc5 6. Nxc5 Qa5+ 7. Bd2 Qxc5 8. e3 dxe3 9. Bxe3 Qb4+ 10. Qd2 Qxd2+ 11. Bxd2 Nc6 12. 0-0-0 Nf6 13. f3 Bd7 14. Bf4 Rc8 15. Kb1 e5 16. Re1 Bf5+ 17. Ka1 Nd7 18. Nh3 0-0 19. Be3 Nb4 20. Bd3 Nxd3 21. Rd1 Bxh3 22. gxh3 N7c5 23. b4 Nxb4 24. Kb2 a5 25. Kb1 Na4 26. Rc1 h6 27. Rhg1 Kh7 28. a3 Nd3 29. Rc2 Nf4 30. Ka2 Rfd8 31. Rg4 g5 32. h4 f6 33. hxg5 hxg5 34. c5 Rd3 35. Bg1 Nc3+ 36. Kb2 Na4+ 37. Ka2 Rxf3 38. h4 Kh6 39. Bf2 Nc3+ 40. Ka1 Nd1 41. hxg5+ fxg5 42. Be1 Rxa3+ 43. Kb1 Ne3 44. Rh2+ Kg6 45. Rg1 Rxc5 46. Bh4 Rb5+ 47. Rb2 Rxb2+ 48. Kxb2 Nc4+ 49. Kc2 Nh3 50. Rb1 gxh4 51. Rxb7 Nf4 52. Rc7 Nd5 53. Rc6+ Kg5 54. Rc5 Nb4+ 55. Kd1 Ne3+ 56. Ke2 Kf4 57. Rc8 h3 58. Rf8+ Ke4 59. Rh8 Ra2+ 60. Ke1 Nd3# 0-1

[Event "ROM-ch U10"]
[Site "Baile Felix"]
[Date "2017.02.09"]
[Round "9"]
[White "Cristea, Matei Alexandru"]
[Black "Boghici, Mario Bogdan"]
[Result "0-1"]
[WhiteElo "1163"]
[BlackElo "1316"]
[PlyCount "104"]
[EventDate "2017.02.02"]
[EventType "swiss"]
[EventRounds "9"]
[EventCountry "ROU"]
[SourceTitle "CBM 176 Extra"]
[Source "ChessBase"]
[SourceDate "2017.03.02"]
[SourceVersion "1"]
[SourceVersionDate "2017.03.02"]
[SourceQuality "1"]

1. d4 e6 2. e4 d5 3. Nc3 Bb4 4. e5 c5 5. a3 Bxc3+ 6. bxc3 Nc6 7. Nf3 h6 8. dxc5 Qa5 9. Bb2 Qxc5 10. Nd4 Nxe5 11. Nb3 Qc7 12. Bb5+ Bd7 13. Bxd7+ Nxd7 14. Qg4 Qe5+ 15. Qe2 Qxe2+ 16. Kxe2 Ngf6 17. Nd2 Rc8 18. Kd3 Ne5+ 19. Kd4 Nc4 20. Nxc4 Rxc4+ 21. Kd3 0-0 22. Rhe1 Rfc8 23. f3 Re8 24. Re2 Nd7 25. Rae1 Nc5+ 26. Kd2 Na4 27. Ba1 Nb6 28. g3 Ra4 29. Kc1 Rxa3 30. Bb2 Ra4 31. f4 Nc4 32. f5 Ra6 33. fxe6 Raxe6 34. Rxe6 Rxe6 35. Rxe6 fxe6 36. Ba1 Ne3 37. h3 Nf1 38. g4 Ne3 39. Kd2 Nc4+ 40. Kd3 Kf7 41. Ke2 Kf6 42. Kf2 g6 43. Kf3 h5 44. gxh5 gxh5 45. Kf4 e5+ 46. Kf3 Kg5 47. Kg3 h4+ 48. Kf3 Kf5 49. Ke2 b6 50. Kf3 e4+ 51. Kf2 e3+ 52. Kg2 a5 0-1

[Event "ROM-ch U10"]
[Site "Baile Felix"]
[Date "2017.02.05"]
[Round "5"]
[White "Cristea, Matei Alexandru"]
[Black "Grosu, Albert Constantin"]
[Result "0-1"]
[WhiteElo "1163"]
[BlackElo "1064"]
[PlyCount "63"]
[EventDate "2017.02.02"]
[EventType "swiss"]
[EventRounds "9"]
[EventCountry "ROU"]
[SourceTitle "CBM 176 Extra"]
[Source "ChessBase"]
[SourceDate "2017.03.02"]
[SourceVersion "1"]
[SourceVersionDate "2017.03.02"]
[SourceQuality "1"]

1. d4 f5 2. Nf3 Nf6 3. Nc3 e6 4. d5 d6 5. e3 a6 6. Bc4 exd5 7. Nxd5 Nc6 8. Nxf6+ Qxf6 9. 0-0 Be6 10. Bxe6 Qxe6 11. b3 Qf6 12. Rb1 0-0-0 13. Bb2 Qg6 14. Qd3 Ne5 15. Qe2 Nc6 16. Rbd1 h5 17. h3 Re8 18. Qc4 Re4 19. Qc3 Ne5 20. Nxe5 Rxe5 21. a4 Rc5 22. Qd2 f4 23. c4 f3 24. g3 h4 25. g4 Rg5 26. Qd3 Rxg4+ 27. Kh2 Rg2+ 28. Kh1 Qxd3 29. Rxd3 Be7 30. e4 Rf8 31. Rd2 Rf4 32. Re2 0-1

[Event "ROM-ch U10"]
[Site "Baile Felix"]
[Date "2017.02.03"]
[Round "2"]
[White "Szabo, Tamas1111"]
[Black "Cristea, Matei Alexandru"]
[Result "0-1"]
[WhiteElo "1038"]
[BlackElo "1163"]
[PlyCount "144"]
[EventDate "2017.02.02"]
[EventType "swiss"]
[EventRounds "9"]
[EventCountry "ROU"]
[SourceTitle "CBM 176 Extra"]
[Source "ChessBase"]
[SourceDate "2017.03.02"]
[SourceVersion "1"]
[SourceVersionDate "2017.03.02"]
[SourceQuality "1"]

1. Nc3 e5 2. e4 Nf6 3. Nf3 Nc6 4. a3 Bc5 5. Nxe5 Nxe5 6. d4 Bxd4 7. Qxd4 Nc6 8. Qd1 0-0 9. Bc4 d6 10. 0-0 Be6 11. Bd3 d5 12. Qf3 Ne5 13. Qg3 Nxd3 14. Bh6 Nh5 15. Qxd3 gxh6 16. exd5 Bd7 17. Qf3 Qg5 18. g4 Qxg4+ 19. Qxg4+ Bxg4 20. Kh1 Bf3+ 21. Kg1 Nf6 22. h3 Nxd5 23. Nxd5 Bxd5 24. Rad1 Rad8 25. Kh2 Be4 26. Rg1+ Kh8 27. Rdf1 Rg8 28. Rxg8+ Rxg8 29. f3 Bxc2 30. Rc1 Ba4 31. Rxc7 Bc6 32. Rxf7 Rd8 33. Kg3 Kg8 34. Rf6 Kg7 35. Rf4 Rd6 36. Rg4+ Rg6 37. f4 Rxg4+ 38. Kxg4 Kg6 39. f5+ Kg7 40. Kf4 Kf6 41. b4 Bd7 42. Ke3 Bxf5 43. Kd4 Bxh3 44. Kc5 Ke6 45. b5 Kd7 46. a4 Kc7 47. a5 b6+ 48. axb6+ axb6+ 49. Kd4 Bf1 50. Ke5 Bxb5 51. Kf4 Bd3 52. Kg4 Bg6 53. Kf4 Kc6 54. Ke5 Kc5 55. Kf6 b5 56. Kg7 b4 57. Kxh6 b3 58. Kg5 b2 59. Kf4 b1Q 60. Ke5 h5 61. Kf6 h4 62. Kg5 h3 63. Kf4 h2 64. Ke5 h1R 65. Kf4 Qe4+ 66. Kg3 Rg1+ 67. Kf2 Rf1+ 68. Kxf1 Qc2 69. Ke1 Kd4 70. Kf1 Ke3 71. Kg1 Kf3 72. Kh1 Qg2# 0-1